000 00305nam a2200121Ia 4500
008 240731s9999 xx 000 0 und d
022 _a1949-6540
245 4 _aThe International History Review
260 _bRoutledge
856 _uhttps://www.tandfonline.com/loi/rinh20
942 _2ddc
942 _cTFEJ
999 _c79931
_d79931
945 _a1
_bMadushi Gamage
_c1
_dMadushi Gamage